<?xml version="1.0" encoding="UTF-8"?>
<marc:record xmlns:marc="http://www.loc.gov/MARC21/slim">
   <marc:leader>00000nam a2200000 a 4500</marc:leader>
   <marc:datafield ind1="1" ind2=" " tag="100">
      <marc:subfield code="a">Hunter, Erin</marc:subfield>
      <marc:subfield code="4">aut</marc:subfield>
      <marc:subfield code="e">Verfasser/-in</marc:subfield>
   </marc:datafield>
   <marc:datafield ind1=" " ind2=" " tag="653">
      <marc:subfield code="a">Jugendbuch</marc:subfield>
   </marc:datafield>
   <marc:datafield ind1=" " ind2=" " tag="653">
      <marc:subfield code="a">Jugendbücher ab 12 Jahre</marc:subfield>
   </marc:datafield>
   <marc:datafield ind1="0" ind2="0" tag="245">
      <marc:subfield code="a">Survivor Dogs : Dunkle Spuren : Eine sichere Zuflucht</marc:subfield>
   </marc:datafield>
   <marc:datafield ind1="0" ind2="0" tag="245">
      <marc:subfield code="c">Hunter, Erin</marc:subfield>
   </marc:datafield>
   <marc:datafield ind1=" " ind2="1" tag="264">
      <marc:subfield code="a">Weinheim</marc:subfield>
      <marc:subfield code="b">Beltz &amp; Gelberg</marc:subfield>
   </marc:datafield>
   <marc:datafield ind1="1" ind2=" " tag="490">
      <marc:subfield code="a">Survivor Dogs : Dunkle Spuren</marc:subfield>
      <marc:subfield code="v">Band 5</marc:subfield>
   </marc:datafield>
   <marc:datafield ind1="1" ind2=" " tag="520">
      <marc:subfield code="a">Angaben aus der Verlagsmeldung &#xD;
&#xD;
 &#xD;
&#xD;
  Survivor Dogs - Dunkle Spuren. Eine sichere Zuflucht : Staffel II, Band 5 Survivors, The Gathering Darkness, The Exile's Journey Survivor Dogs II,5, Zuflucht / von Erin Hunter &#xD;
&#xD;
 &#xD;
Schweren Herzens verlässt Sturm das Wildhunderudel. Für sie und das Rudel ist es sicher das Beste, wenn sie sich allein durschlägt! Mit nassem Fell und leerem Magen trifft sie unerwartet auf Hunde aus Blades ehemaligem Rudel. Und das bleibt nicht die einzige überraschende Begegnung! Sturm gibt nicht auf. Doch tief in ihrem Inneren sehnt sie sich nur nach einem: ein Rudel zu haben, das füreinander einsteht.</marc:subfield>
   </marc:datafield>
   <marc:datafield ind1=" " ind2=" " tag="020">
      <marc:subfield code="a">9783407754394</marc:subfield>
      <marc:subfield code="9">9783407754394</marc:subfield>
   </marc:datafield>
   <marc:datafield ind1=" " ind2=" " tag="020">
      <marc:subfield code="a">3407754396</marc:subfield>
      <marc:subfield code="9">3407754396</marc:subfield>
   </marc:datafield>
   <marc:datafield ind1=" " ind2=" " tag="041">
      <marc:subfield code="a">ger</marc:subfield>
   </marc:datafield>
   <marc:datafield ind1="0" ind2=" " tag="490">
      <marc:subfield code="v">Band 5</marc:subfield>
   </marc:datafield>
   <marc:datafield ind1="1" ind2=" " tag="521">
      <marc:subfield code="a">Jugend</marc:subfield>
   </marc:datafield>
   <marc:datafield ind1=" " ind2=" " tag="338">
      <marc:subfield code="a">Band</marc:subfield>
   </marc:datafield>
   <marc:datafield ind1=" " ind2=" " tag="300">
      <marc:subfield code="a">310 Seiten</marc:subfield>
   </marc:datafield>
</marc:record>
